|
|
|
|
| LEADER |
01568nam a2200325 a 4500 |
| 001 |
1562198 |
| 008 |
090520r19931995 enka b 001 0 eng d |
| 010 |
|
|
|a \\\92045834
|
| 020 |
|
|
|a 0415079586 (hbk)
|
| 020 |
|
|
|a 0415079594 (pbk)
|
| 040 |
|
|
|a DLC
|c DLC
|d DLC
|
| 082 |
0 |
0 |
|a 303.48/2
|2 20
|
| 999 |
|
|
|c 900
|d 900
|
| 999 |
|
|
|c 900
|
| 245 |
0 |
3 |
|a An Anthropological critique of development :
|b the growth of ignorance /
|c edited by Mark Hobart.
|
| 260 |
|
|
|a London ;
|a New York :
|b Routledge,
|c 1993. [Reprinted 1997]
|
| 300 |
|
|
|a xi, 246 p. :
|b ill. ;
|c 23 cm.
|
| 504 |
|
|
|a Includes bibliographical references and indexes.
|
| 541 |
1 |
|
|e 00005721
|
| 650 |
|
0 |
|a Acculturation.
|9 1941
|
| 650 |
|
0 |
|a Intercultural communication.
|9 1942
|
| 650 |
|
0 |
|a Technical assistance
|x Anthropological aspects.
|9 1943
|
| 650 |
|
0 |
|a Economic development
|x Social aspects.
|9 1944
|
| 650 |
|
0 |
|a Knowledge, Sociology of.
|9 1945
|
| 700 |
1 |
|
|a Hobart, Mark.
|9 1946
|
| 852 |
4 |
|
|a Ayesha Abed Library
|j Generalshelf
|
| 942 |
|
|
|2 ddc
|c BK
|
| 952 |
|
|
|0 0
|1 0
|2 ddc
|4 0
|6 303_482000000000000_ANT_1995
|7 0
|8 NFIC
|9 830
|a BRACUL
|b BRACUL
|c GEN
|d 2009-05-20
|g 1120.00
|l 0
|o 303.482 ANT
|p 3010005721
|r 2009-05-20
|t 1
|v 2240.00
|w 2009-05-20
|y BK
|
| 952 |
|
|
|0 0
|1 0
|2 ddc
|4 0
|6 303_482000000000000_ANT
|7 0
|9 22447
|a BRACUL
|b BRACUL
|c GEN
|d 2013-05-22
|e Karim Innternational
|g 4000.00
|l 0
|o 303.482 ANT
|p 3010027070
|r 2013-05-22
|t 2
|w 2013-05-22
|y BK
|
| 952 |
|
|
|0 0
|1 0
|2 ddc
|4 0
|6 303_482000000000000_ANT
|7 0
|9 22448
|a BRACUL
|b BRACUL
|c GEN
|d 2013-05-22
|e Karim Innternational
|g 4000.00
|l 2
|m 9
|o 303.482 ANT
|p 3010027071
|r 2024-03-27
|s 2024-02-29
|t 3
|w 2013-05-22
|y BK
|